00875nam a22002657a 45000010005000000030006000050050017000110080041000280200018000690400029000870500015001160820008001311000018001392450078001572500018002352600043002533000048002964900027003445050009003715200140003805210029005205210020005496500022005696500018005918246FISKH20250904160550.0250904b cb ||||| |||| 00| 0 eng d a9781416975144 aFISKHbengcFISKHdFISKH aPZ7.E418 F a557 aElliot, Eliza aFriday's tall tale /cby Eliza Elliot : based on the book by Lois Duncan  aFirst Edition aNew York : bSimon Spotlight , c2008. a32 pages : bcolor illustrations ;c23 cm.  aRedy-To-Read vLevel 2 aJ  aFriday the dog explains how he found a wonderful new life with his human friends, Andi and Bruce, until too many other dogs showed up. 8 a500 bLexile estimate 8 aJ bRaz-Plus  aAnimals vFiction aDogsvFiction